01342nab a22001937a 4500003000400000005001700004008004100021040000700062100002300069245030500092300001500397500003800412505044200450505007200892650002300964650002900987650003001016773010201046OSt20260128014313.0190514b xxu||||| |||| 00| 0 spa d cPJ aPalacios, Agustina10aUna lectura de la ley 27.610 y su interacción con el Código Civil y Comercial de la Nación a 10 años de su vigencia :bavances y desafíos en materia de capacidad jurídica, a la luz de la Convención Internacional sobre los Derechos de las Personas con Discapacidad /cAgustina Palacios.  ap. 142-157 aCita: TR LALEY AR/DOC/2510/2025.  aSumario: I. A modo de introducción.— II. Un repaso al contexto nacional.— III. Recomendaciones del Comité Internacional sobre los Derechos de las Personas con Discapacidad.— IV. La Nota Técnica Nro. 11 de la Dirección de Salud Sexual y Reproductiva (Ministerio de Salud).— V. Una ¿relectura? de la IVE a la luz de los estándares del derecho internacional de los derechos humanos.— VI. A modo de breves conclusiones.  tSi te interesa el texto, comunicate a koha@justierradelfuego.gov.ar 0aDERECHO DE FAMILIA 0aCODIGO CIVIL Y COMERCIAL 0aPERSONAS CON DISCAPACIDAD0 02844dBuenos Aires : AbeledoPerrot, 1989-tDerecho de familia. N° 122 - Noviembre 2025z18511201